Normal view
MARC view
Entry Topical Term
001 - CONTROL NUMBER
- control field: 33455
003 - CONTROL NUMBER IDENTIFIER
- control field: OSt
005 - DATE AND TIME OF LATEST TRANSACTION
- control field: 20220928111304.0
008 - FIXED-LENGTH DATA ELEMENTS
- fixed length control field: 220928|| aca||aabn | a|a d
040 ## - CATALOGING SOURCE
- Original cataloging agency: OSt
- Transcribing agency: OSt
150 ## - HEADING--TOPICAL TERM
- Topical term or geographic name entry element: Government response, Public policy, Direct taxation, Covid pandemic.
670 ## - SOURCE DATA FOUND
- Source citation: Work cat.: (OSt): Sharma, Mritunjaya 33454, Covid-19 pandemic: Response of the government through public policy mainly direct taxation
